[Event "SUI-ch"]
[Site "Graechen"]
[Date "1999.??.??"]
[Round "1"]
[White "Kelecevic, Nedeljko"]
[Black "Schenk, Christian"]
[Result "1-0"]
[WhiteElo "2410"]
[BlackElo "1965"]
[PlyCount "55"]
[EventDate "1999.07.??"]
[EventType "swiss"]
[EventRounds "9"]
[EventCountry "SUI"]
[SourceTitle "EXT 2002"]
[Source "ChessBase"]
[SourceDate "2001.11.25"]
[SourceVersion "1"]
[SourceVersionDate "2001.11.25"]
[SourceQuality "1"]

1. d4 d5 2. Nf3 Bf5 3. c4 Bxb1 4. Rxb1 Nf6 5. cxd5 Qxd5 6. a3 e6 7. e3 Be7 8. Bd3 0-0 9. Qc2 c5 10. e4 Qh5 11. e5 Ng4 12. h3 cxd4 13. Bxh7+ Kh8 14. Be4 Nc6 15. Bxc6 bxc6 16. Qe4 Nh6 17. g4 Qg6 18. Qxg6 fxg6 19. Nxd4 Rae8 20. b4 a5 21. Nxc6 axb4 22. axb4 Rf7 23. Be3 Rc8 24. b5 Bd8 25. Ke2 Rb7 26. Rhd1 Nf7 27. f4 Bh4 28. g5 1-0

[Event "SUI-ch"]
[Site "Graechen"]
[Date "1999.??.??"]
[Round "4"]
[White "Schenk, Christian"]
[Black "Mantovani, Renzo"]
[Result "0-1"]
[WhiteElo "1965"]
[BlackElo "2405"]
[PlyCount "76"]
[EventDate "1999.07.??"]
[EventType "swiss"]
[EventRounds "9"]
[EventCountry "SUI"]
[SourceTitle "EXT 2002"]
[Source "ChessBase"]
[SourceDate "2001.11.25"]
[SourceVersion "1"]
[SourceVersionDate "2001.11.25"]
[SourceQuality "1"]

1. c4 e5 2. Nc3 Nc6 3. Nf3 Nf6 4. d3 d5 5. cxd5 Nxd5 6. g3 Nb6 7. Bg2 Be7 8. 0-0 0-0 9. b3 Bg4 10. Bb2 f5 11. Rc1 Kh8 12. Nb5 a6 13. Na3 e4 14. dxe4 fxe4 15. Nd2 Bg5 16. Rc2 e3 17. Ne4 exf2+ 18. Nxf2 Be3 19. Qxd8 Raxd8 20. Bc1 Bxf2+ 21. Rxf2 Rd1+ 22. Bf1 Kg8 23. Rxf8+ Kxf8 24. Kf2 Nd5 25. Bg2 Ncb4 26. Rd2 Rxc1 27. Bxd5 Nxd5 28. Rxd5 b5 29. Rd4 Be6 30. Ke3 Ke7 31. Ke4 Kf6 32. Rd2 b4 33. Nc4 Bxc4 34. bxc4 Rxc4+ 35. Kd5 Rc3 36. e4 Ke7 37. e5 a5 38. e6 c6+ 0-1